[Event "Festival Magistrale"]
[Site "Caorle ITA"]
[Date "1989.07.??"]
[Round "1"]
[White "Tondo, Salvatore"]
[Black "Barle, Janez"]
[Result "0-1"]
[WhiteElo "1900"]
[BlackElo "2430"]
[PlyCount "44"]
[EventDate "1989.07.01"]

1. e4 e5 2. Nf3 Nc6 3. Bb5 Nd4 4. Nxd4 exd4 5. d3 Bc5 6. O-O c6 7. Bc4 d5 8.
exd5 cxd5 9. Bb5+ Kf8 10. c3 Ne7 11. cxd4 Bxd4 12. Nc3 g6 13. Bg5 f6 14. Bh6+
Kf7 15. Be3 Be5 16. d4 Bc7 17. Qf3 h5 18. h3 Bg4 19. hxg4 hxg4 20. Qxg4 f5 21.
Qf3 Bh2+ 22. Kh1 Bg3+ 0-1

[Event "Festival Magistrale"]
[Site "Caorle ITA"]
[Date "1989.07.??"]
[Round "1"]
[White "Travaglini, Alberto"]
[Black "Vujosevic, Vladimir"]
[Result "1/2-1/2"]
[WhiteElo "1930"]
[BlackElo "2335"]
[PlyCount "57"]
[EventDate "1989.07.01"]

1. d4 Nf6 2. c4 e6 3. Nf3 d5 4. Nc3 Be7 5. Bg5 O-O 6. cxd5 exd5 7. Qc2 b6 8. e3
c5 9. Bd3 Nbd7 10. O-O Bb7 11. Ne5 h6 12. Bf4 c4 13. Bf5 Nxe5 14. Bxe5 a6 15.
f3 b5 16. a3 Bd6 17. Rad1 Ne8 18. Qf2 Nc7 19. Bb1 Bxe5 20. dxe5 Qe7 21. f4 f6
22. Qc2 f5 23. Rf2 Rad8 24. Ne2 h5 25. Nd4 g6 26. g3 Ne6 27. h3 Nxd4 28. exd4
Bc8 29. Qc3 1/2-1/2

[Event "Festival Magistrale"]
[Site "Caorle ITA"]
[Date "1989.07.??"]
[Round "1"]
[White "Weinberg, Emanuele"]
[Black "Maksimovic, Branimir"]
[Result "0-1"]
[WhiteElo "1900"]
[BlackElo "2350"]
[PlyCount "96"]
[EventDate "1989.07.01"]

1. d4 Nf6 2. c4 e6 3. Nf3 b6 4. g3 Ba6 5. Qc2 c5 6. Bg2 Nc6 7. dxc5 Bxc5 8. a3
Rc8 9. Nbd2 b5 10. b4 Bxf2+ 11. Kxf2 Ng4+ 12. Kg1 bxc4 13. Nf1 Qb6+ 14. e3 h5
15. Qc3 f6 16. Nd4 Ne7 17. h3 Ne5 18. e4 Bb7 19. Be3 d5 20. Nf5 Qc7 21. Nxe7
Kxe7 22. exd5 Bxd5 23. Bxd5 exd5 24. Bc5+ Kf7 25. Bd4 Rce8 26. Kg2 Nd3 27. Ne3
h4 28. gxh4 Nf4+ 29. Kf2 Rxh4 30. Rad1 Nxh3+ 31. Ke1 Qg3+ 32. Kd2 Nf2 33. Rxh4
Qxh4 34. Kc1 Nxd1 35. Kxd1 Re4 36. Bxa7 g5 37. b5 Kg6 38. b6 d4 39. Qxc4 dxe3
40. Qg8+ Kf5 41. Qd5+ Re5 42. Qf3+ Kg6 43. Qe2 Qd4+ 44. Kc1 Rc5+ 45. Kb1 Qc3
46. Ka2 Qd2+ 47. Qxd2 exd2 48. b7 Rc2+ 0-1

[Event "Festival Magistrale"]
[Site "Caorle ITA"]
[Date "1989.07.??"]
[Round "2"]
[White "Anceschi, Vittorio"]
[Black "Gajic, Zoran"]
[Result "0-1"]
[WhiteElo "2280"]
[BlackElo "2290"]
[PlyCount "50"]
[EventDate "1989.07.01"]

1. e4 c5 2. Nf3 e6 3. d4 cxd4 4. Nxd4 a6 5. Bd3 Qc7 6. O-O Nf6 7. Qe2 d6 8. Kh1
Bd7 9. f4 h5 10. Nc3 Nc6 11. Nf3 Ng4 12. Bd2 Be7 13. Nd5 exd5 14. exd5 Na7 15.
Rae1 Nc8 16. h3 Kf8 17. c4 Bf6 18. Bb4 Ne7 19. Ng5 Nf5 20. Bxf5 Bxf5 21. g3 Nh6
22. Ne4 Bxe4+ 23. Qxe4 Qd7 24. Kh2 Nf5 25. Ba3 h4 0-1

[Event "Festival Magistrale"]
[Site "Caorle ITA"]
[Date "1989.07.??"]
[Round "2"]
[White "Barle, Janez"]
[Black "Hever, Miklos"]
[Result "1/2-1/2"]
[WhiteElo "2430"]
[BlackElo "2295"]
[PlyCount "30"]
[EventDate "1989.07.01"]

1. Nf3 Nf6 2. c4 e6 3. Nc3 d5 4. cxd5 exd5 5. d4 Bf5 6. Qb3 b6 7. Bg5 c6 8. Ne5
Be7 9. e3 O-O 10. Rc1 Nfd7 11. Bxe7 Qxe7 12. Bd3 Nxe5 13. Bxf5 Qg5 14. dxe5
Qxf5 15. f4 Qd3 1/2-1/2

[Event "Festival Magistrale"]
[Site "Caorle ITA"]
[Date "1989.07.??"]
[Round "2"]
[White "Cardinali, Marco"]
[Black "Tondo, Salvatore"]
[Result "1-0"]
[WhiteElo "2020"]
[BlackElo "1900"]
[PlyCount "89"]
[EventDate "1989.07.01"]

1. d4 Nf6 2. Nf3 e6 3. g3 d5 4. Bg2 Be7 5. O-O O-O 6. c4 c6 7. Qc2 Nbd7 8. Nbd2
Qc7 9. e4 dxe4 10. Nxe4 Nxe4 11. Qxe4 Nf6 12. Qc2 c5 13. Rd1 Rd8 14. Bf4 Qb6
15. Qb3 Qxb3 16. axb3 Nd7 17. Bc7 Re8 18. Ne5 Nxe5 19. dxe5 a6 20. Rd3 f6 21.
Rad1 Kf7 22. f4 f5 23. Kf2 Ra7 24. Bb6 Ra8 25. Ke2 h5 26. h4 a5 27. Ra1 Ra6 28.
Bc7 b6 29. Bc6 Rg8 30. Bb5 Ra8 31. Bxb6 Ba6 32. Rxa5 Bxb5 33. Rxb5 Rgb8 34. Rd7
Ke8 35. Rc7 Rxb6 36. Rxb6 Ra2 37. Rb8+ Bd8 38. Rcc8 Rxb2+ 39. Ke3 Kf7 40. Rxd8
Rb1 41. Rd7+ Kg6 42. Rbb7 Kh6 43. b4 cxb4 44. Rxg7 Rb3+ 45. Kf2 1-0

[Event "Festival Magistrale"]
[Site "Caorle ITA"]
[Date "1989.07.??"]
[Round "2"]
[White "Cassai, Paolo"]
[Black "Karakas-Kertesz, Eva"]
[Result "1/2-1/2"]
[WhiteElo "2115"]
[BlackElo "2075"]
[PlyCount "25"]
[EventDate "1989.07.01"]

1. c4 e5 2. Nc3 d6 3. g3 f5 4. Bg2 Nf6 5. e4 c6 6. d4 Be7 7. Nge2 O-O 8. Be3
Na6 9. Qd2 Ng4 10. O-O-O fxe4 11. Nxe4 d5 12. cxd5 cxd5 13. N4c3 1/2-1/2

[Event "Festival Magistrale"]
[Site "Caorle ITA"]
[Date "1989.07.??"]
[Round "2"]
[White "Cazzaniga, Walter"]
[Black "Redo, Nicola"]
[Result "1/2-1/2"]
[WhiteElo "1940"]
[BlackElo "1935"]
[PlyCount "81"]
[EventDate "1989.07.01"]

1. d4 Nf6 2. c4 g6 3. Nc3 Bg7 4. e4 d6 5. f3 O-O 6. Be3 e5 7. Nge2 c6 8. Qd2
Re8 9. O-O-O Qe7 10. Bg5 Na6 11. d5 c5 12. g4 Nc7 13. Ng3 a6 14. Bd3 b5 15. h4
Bd7 16. h5 bxc4 17. Bb1 Nb5 18. hxg6 fxg6 19. Rh2 Nd4 20. Qg2 Qf8 21. Rdh1 Re7
22. Nf5 gxf5 23. exf5 Rf7 24. Bxf6 Bxf6 25. g5 Rg7 26. gxf6 Rxg2 27. Rxg2+ Kh8
28. Rg7 Qxg7 29. fxg7+ Kxg7 30. f6+ Kxf6 31. Rxh7 Bf5 32. Rh6+ Kg5 33. Rxd6
Nxf3 34. Bxf5 Kxf5 35. Rd7 Ng5 36. Rc7 Rh8 37. Rxc5 Rh1+ 38. Kc2 Rh2+ 39. Kc1
Rh1+ 40. Kc2 Rh2+ 41. Kc1 1/2-1/2

[Event "Festival Magistrale"]
[Site "Caorle ITA"]
[Date "1989.07.??"]
[Round "2"]
[White "Csonkics, Tunde"]
[Black "Cecchetto, Vanni"]
[Result "1-0"]
[WhiteElo "2280"]
[BlackElo "1900"]
[PlyCount "99"]
[EventDate "1989.07.01"]

1. d4 Nf6 2. Nf3 e6 3. c4 c5 4. d5 exd5 5. cxd5 d6 6. Nc3 g6 7. Bf4 Bg7 8. Qa4+
Qd7 9. Qb3 Qc7 10. e4 Nh5 11. Be3 a6 12. a4 O-O 13. Be2 f5 14. exf5 gxf5 15.
Nd2 Nf6 16. Nc4 f4 17. Bxf4 Ne8 18. Bg3 Bf5 19. O-O Nd7 20. a5 Rb8 21. Na4 Be4
22. Nab6 Ndf6 23. Rad1 Rd8 24. Bh4 Qf7 25. Bd3 Qh5 26. Bg3 Kh8 27. h3 Rg8 28.
Rfe1 Qg6 29. Qc2 Bxd3 30. Qxd3 Qf7 31. Qf5 Bf8 32. Bh4 Be7 33. Qe6 Qg6 34. Bg3
Rg7 35. Ne3 Nc7 36. Qf5 Qf7 37. Ng4 Nb5 38. Nh6 Qf8 39. Qf4 Nd4 40. Rd3 Re8 41.
Ng4 Rf7 42. Nh6 Rg7 43. Bh4 Rg6 44. Ng4 Bd8 45. Rde3 Rxe3 46. Rxe3 Bxb6 47.
Bxf6+ Rxf6 48. Qxf6+ Qxf6 49. Nxf6 Bxa5 50. Re7 1-0

[Event "Festival Magistrale"]
[Site "Caorle ITA"]
[Date "1989.07.??"]
[Round "2"]
[White "Cugini, Verter"]
[Black "Lazic, Miroljub"]
[Result "1/2-1/2"]
[WhiteElo "2130"]
[BlackElo "2485"]
[PlyCount "96"]
[EventDate "1989.07.01"]

1. e4 c6 2. c4 d5 3. cxd5 cxd5 4. exd5 Nf6 5. Bb5+ Nbd7 6. Nc3 g6 7. d4 Bg7 8.
Qb3 O-O 9. Be2 Nb6 10. Bf3 Bg4 11. Bxg4 Nxg4 12. Nge2 Qd7 13. Bf4 Rfd8 14. d6
exd6 15. O-O Re8 16. a4 Rac8 17. h3 Nf6 18. Rfe1 Nc4 19. Ng3 Rxe1+ 20. Rxe1 Qc6
21. Re7 Nd5 22. Nxd5 Qxd5 23. Qxb7 Qxb7 24. Rxb7 Bxd4 25. b3 Ne5 26. Ne4 Rd8
27. Bg5 Rf8 28. Nxd6 Nd3 29. Be3 Bxe3 30. fxe3 Nc5 31. Rb5 Nd3 32. Nc4 Rc8 33.
Rb7 Nc5 34. Rxa7 Nxb3 35. Nd6 Rc1+ 36. Kf2 Rc2+ 37. Kf3 Rc6 38. Ne4 Rc2 39. a5
Nd2+ 40. Nxd2 Rxd2 41. Ra8+ Kg7 42. a6 Ra2 43. a7 Ra4 44. Ke2 Ra2+ 45. Kd3 Ra4
46. Kc3 Ra2 47. Kd4 Ra4+ 48. Kc5 Ra2 1/2-1/2

[Event "Festival Magistrale"]
[Site "Caorle ITA"]
[Date "1989.07.??"]
[Round "2"]
[White "De Gregorio, Massimiliano"]
[Black "Becx, Cesar"]
[Result "0-1"]
[WhiteElo "1900"]
[BlackElo "2300"]
[PlyCount "54"]
[EventDate "1989.07.01"]

1. e4 e5 2. Nf3 Nc6 3. Bb5 f5 4. Nc3 fxe4 5. Nxe4 d5 6. Nxe5 dxe4 7. Nxc6 Qd5
8. c4 Qd6 9. Nxa7+ Bd7 10. Bxd7+ Qxd7 11. Nb5 Nf6 12. Qe2 Kf7 13. O-O Bc5 14.
Rb1 c6 15. Nc3 Rhe8 16. b4 Bd4 17. Kh1 Qf5 18. f3 Bxc3 19. g4 Qg6 20. fxe4 Kg8
21. dxc3 Nxe4 22. Qg2 Ng3+ 23. hxg3 Qxb1 24. a3 Qd3 25. c5 Re2 26. Rf3 Qc2 27.
Qf1 Qe4 0-1

[Event "Festival Magistrale"]
[Site "Caorle ITA"]
[Date "1989.07.??"]
[Round "2"]
[White "Drasko, Milan"]
[Black "Leoncini, Mario"]
[Result "1-0"]
[WhiteElo "2485"]
[BlackElo "2070"]
[PlyCount "109"]
[EventDate "1989.07.01"]

1. d4 d5 2. c4 e6 3. Nc3 Be7 4. Nf3 Nf6 5. Bg5 O-O 6. e3 h6 7. Bh4 b6 8. Rc1
Bb7 9. Be2 Nbd7 10. cxd5 exd5 11. O-O c5 12. Qa4 a6 13. dxc5 Nxc5 14. Qd4 Ne6
15. Qd3 Nc5 16. Qb1 Nfe4 17. Bxe7 Qxe7 18. Rfd1 Rfd8 19. Bf1 Rac8 20. Nd4 Qf6
21. f3 Nxc3 22. Rxc3 Ne6 23. Qf5 Qxf5 24. Nxf5 Rxc3 25. bxc3 Kh7 26. Rb1 b5 27.
a4 g6 28. Nd4 Nxd4 29. cxd4 Bc6 30. axb5 Rb8 31. b6 a5 32. Ba6 a4 33. Kf2 a3
34. h4 Rxb6 35. Rxb6 a2 36. Rxc6 a1=Q 37. Bf1 Qb2+ 38. Be2 Kg7 39. Rd6 Qb3 40.
f4 Qa2 41. g4 Kf8 42. h5 Kg7 43. hxg6 fxg6 44. f5 gxf5 45. gxf5 Qb3 46. Rg6+
Kh7 47. Rg4 Qb6 48. Rf4 Qf6 49. Bf3 Qc6 50. f6 Qc2+ 51. Kg3 Qg6+ 52. Kh4 Qg1
53. f7 Qh2+ 54. Kg4 Qg1+ 55. Kh3 1-0

[Event "Festival Magistrale"]
[Site "Caorle ITA"]
[Date "1989.07.??"]
[Round "2"]
[White "Falchetta, Giovanni"]
[Black "Gregoratti, Ivaldi"]
[Result "1-0"]
[WhiteElo "2250"]
[BlackElo "1975"]
[PlyCount "43"]
[EventDate "1989.07.01"]

1. d4 d5 2. c4 e6 3. Nc3 Nf6 4. cxd5 exd5 5. Bg5 c6 6. Qc2 Nbd7 7. e3 Be7 8.
Bd3 O-O 9. Nf3 Re8 10. O-O Ne4 11. Bxe4 Bxg5 12. Bxh7+ Kh8 13. Bd3 Bh6 14. b4
f6 15. b5 Nb8 16. Rab1 a6 17. bxc6 Nxc6 18. Nh4 g5 19. Nf5 Bf8 20. Qd1 Bxf5 21.
Bxf5 Re7 22. Qf3 1-0

[Event "Festival Magistrale"]
[Site "Caorle ITA"]
[Date "1989.07.??"]
[Round "2"]
[White "Filipovic, Branko"]
[Black "Spasojevic, Zoran M."]
[Result "0-1"]
[WhiteElo "2450"]
[BlackElo "2285"]
[PlyCount "66"]
[EventDate "1989.07.01"]

1. e4 c5 2. Nf3 e6 3. d3 Nc6 4. g3 Nf6 5. Bg2 d6 6. O-O Be7 7. Re1 O-O 8. c3
Bd7 9. Nbd2 Rc8 10. a3 Qc7 11. b4 Ne5 12. Nxe5 dxe5 13. Nc4 Bb5 14. Bf1 Rfd8
15. Qf3 Rd7 16. g4 Rcd8 17. Rb1 Ba4 18. Ne3 Ne8 19. Qg3 Rxd3 20. Bxd3 Rxd3 21.
Qg2 c4 22. g5 Rxc3 23. Ng4 Rd3 24. h4 c3 25. Ra1 Bd1 26. Qf1 Qd6 27. Nxe5 Rd4
28. Be3 Rxe4 29. Raxd1 Qxe5 30. f4 Qf5 31. Rd7 Bd6 32. Rd1 Kf8 33. Qf3 33... e5
{...} 0-1

[Event "Festival Magistrale"]
[Site "Caorle ITA"]
[Date "1989.07.??"]
[Round "2"]
[White "Guerra, Alessandro"]
[Black "Bistric, Faruk"]
[Result "0-1"]
[WhiteElo "2128"]
[BlackElo "2340"]
[PlyCount "42"]
[EventDate "1989.07.01"]

1. e4 c5 2. Bc4 e6 3. Nc3 a6 4. a4 Nc6 5. Nf3 Nf6 6. d4 cxd4 7. Nxd4 Bb4 8.
Nxc6 bxc6 9. e5 Ne4 10. Qd4 Qa5 11. Qxe4 Bxc3+ 12. bxc3 Qxc3+ 13. Ke2 Qxa1 14.
Bb3 a5 15. Qe3 Ba6+ 16. Kf3 f6 17. c3 O-O 18. Qd2 Qb1 19. Bc2 fxe5+ 20. Kg3 Qb6
21. f3 d6 0-1

[Event "Festival Magistrale"]
[Site "Caorle ITA"]
[Date "1989.07.??"]
[Round "2"]
[White "Ilic, Dragan M."]
[Black "Zupe, Miran"]
[Result "1-0"]
[WhiteElo "2400"]
[BlackElo "2330"]
[PlyCount "59"]
[EventDate "1989.07.01"]

1. d4 Nf6 2. c4 g6 3. Nc3 Bg7 4. e4 d6 5. f4 O-O 6. Nf3 Bg4 7. Be3 Nfd7 8. h3
Bxf3 9. Qxf3 e5 10. dxe5 dxe5 11. f5 Nc6 12. O-O-O Nd4 13. Qf2 c6 14. g4 Qa5
15. g5 Rfd8 16. h4 Bf8 17. fxg6 hxg6 18. h5 Bb4 19. hxg6 fxg6 20. Rh6 Rf8 21.
Rxg6+ Kh7 22. Rh6+ Kg8 23. Rg6+ Kh7 24. Rh6+ Kg8 25. Qh4 Kf7 26. Bh3 Ke8 27.
Rh7 Be7 28. Qh5+ Kd8 29. Bxd4 exd4 30. Rxd4 1-0

[Event "Festival Magistrale"]
[Site "Caorle ITA"]
[Date "1989.07.??"]
[Round "2"]
[White "Jovicic, Milos"]
[Black "Barlocco, Carlo"]
[Result "0-1"]
[WhiteElo "2350"]
[BlackElo "2270"]
[PlyCount "124"]
[EventDate "1989.07.01"]

1. Nf3 d5 2. d4 e6 3. c4 c6 4. Nc3 Be7 5. Bf4 Nf6 6. e3 O-O 7. Qc2 a6 8. h3
Nbd7 9. Ne5 Nxe5 10. dxe5 Nd7 11. Bd3 h6 12. cxd5 exd5 13. Qe2 Re8 14. Qh5 Bf8
15. Bf5 g6 16. Bxg6 fxg6 17. Qxg6+ Kh8 18. Qh5 Re6 19. Bg3 Qe8 20. Qxe8 Rxe8
21. f4 Nc5 22. Ke2 Bf5 23. Be1 Ne4 24. g4 Nxc3+ 25. Bxc3 Be4 26. Rhg1 Bg7 27.
h4 c5 28. h5 b5 29. Rac1 b4 30. Be1 a5 31. Bh4 c4 32. g5 a4 33. gxh6 Bxh6 34.
Bf6+ Kh7 35. Rg3 Rg8 36. Rxg8 Rxg8 37. a3 Rg2+ 38. Kf1 Rh2 39. e6 Kg8 40. Ke1
bxa3 41. bxa3 Bf5 42. e7 Kf7 43. Rd1 Bd3 44. Rd2 Rh1+ 45. Kf2 Rxh5 46. Kg3 Bg6
47. Bd4 Kxe7 48. Rb2 Bf5 49. Rb6 Kd7 50. Rb4 Bc2 51. Rb7+ Ke6 52. Rb8 Rh1 53.
Ra8 Kf5 54. Re8 Be4 55. Re5+ Kg6 56. Re6+ Kf7 57. Ra6 Rg1+ 58. Kf2 Rg2+ 59. Kf1
Bf8 60. Rxa4 Ra2 61. Ra7+ Kg6 62. a4 Bb4 0-1

[Event "Festival Magistrale"]
[Site "Caorle ITA"]
[Date "1989.07.??"]
[Round "2"]
[White "Kluss, Kai"]
[Black "Magari, Roberto"]
[Result "1/2-1/2"]
[WhiteElo "2240"]
[BlackElo "1935"]
[PlyCount "79"]
[EventDate "1989.07.01"]

1. d4 Nf6 2. c4 e6 3. Nc3 Bb4 4. e3 Ne4 5. Nge2 b6 6. f3 Bxc3+ 7. bxc3 Nd6 8.
Ng3 Qh4 9. Bd3 O-O 10. O-O Nc6 11. e4 e5 12. f4 exd4 13. e5 Ne8 14. Nf5 Qd8 15.
cxd4 d6 16. d5 Ne7 17. Nd4 c5 18. Nf3 Bf5 19. Bb2 b5 20. Bxf5 Nxf5 21. Qd3 Qc8
22. e6 fxe6 23. Ng5 bxc4 24. Qh3 h6 25. Nxe6 Rf7 26. Rad1 Rb8 27. Bc3 Nc7 28.
Rfe1 Qd7 29. Ba5 Nb5 30. g4 Nfd4 31. f5 c3 32. Bxc3 Nxc3 33. Qxc3 Qa4 34. Nxd4
cxd4 35. Qxd4 Rb4 36. Qf2 Rxg4+ 37. Kh1 Rf4 38. Qg2 R7xf5 39. Qe2 Rf1+ 40. Rxf1
{...} 1/2-1/2

[Event "Festival Magistrale"]
[Site "Caorle ITA"]
[Date "1989.07.??"]
[Round "2"]
[White "Kostic, Vladimir G."]
[Black "Mambrini, Augusto"]
[Result "1-0"]
[WhiteElo "2350"]
[BlackElo "1960"]
[PlyCount "91"]
[EventDate "1989.07.01"]

1. d4 Nf6 2. c4 g6 3. Nc3 Bg7 4. e4 d6 5. Be2 O-O 6. Bg5 c5 7. d5 h6 8. Bd2 e6
9. Nf3 exd5 10. exd5 a6 11. a4 b6 12. O-O Re8 13. Ra3 Ra7 14. Re1 Rae7 15. Bf1
Bg4 16. Rxe7 Qxe7 17. h3 Bxf3 18. Qxf3 Nbd7 19. Qd1 Kh7 20. a5 Rb8 21. axb6
Rxb6 22. Na4 Rb7 23. Re3 Qf8 24. Qe1 Rb8 25. b4 Re8 26. bxc5 dxc5 27. g4 Rxe3
28. Bxe3 Qe7 29. Qa5 Ne4 30. Bg2 f5 31. gxf5 gxf5 32. Qxa6 Nd6 33. Bf1 Ne4 34.
Qe6 Qxe6 35. dxe6 Ndf6 36. Bd3 Kg6 37. Nxc5 Nxc5 38. Bxc5 Ne8 39. Be2 Be5 40.
Bf3 Nc7 41. e7 Bf6 42. Bd6 Ne8 43. c5 Bc3 44. Bc6 Kf7 45. Bxe8+ Kxe8 46. c6 1-0

[Event "Festival Magistrale"]
[Site "Caorle ITA"]
[Date "1989.07.??"]
[Round "2"]
[White "Lostuzzi, Manlio"]
[Black "Rasidovic, Sead"]
[Result "0-1"]
[WhiteElo "2200"]
[BlackElo "2365"]
[PlyCount "65"]
[EventDate "1989.07.01"]

1. e4 e6 2. Nf3 d5 3. e5 c5 4. b4 b6 5. bxc5 bxc5 6. g3 Ne7 7. Bg2 Ba6 8. d3 c4
9. O-O cxd3 10. cxd3 Nec6 11. Re1 Be7 12. d4 O-O 13. Nc3 Nd7 14. a3 Nb6 15. Ne2
Rc8 16. h4 Na5 17. Bg5 h6 18. Bxe7 Qxe7 19. Nf4 Rc3 20. Nh2 Rfc8 21. Bf1 Bxf1
22. Rxf1 Rxa3 23. Qg4 Nac4 24. Nh5 Qf8 25. Rfd1 Rxa1 26. Rxa1 a5 27. Qf4 Nd7
28. Ng4 Rb8 29. Qc1 Kh8 30. Kg2 Rb3 31. Rxa5 Nxa5 32. Qc7 Nb6 33. Ngf6 0-1

[Event "Festival Magistrale"]
[Site "Caorle ITA"]
[Date "1989.07.??"]
[Round "2"]
[White "Maffezzoli, Massimo"]
[Black "Capelli, Giorgio"]
[Result "1/2-1/2"]
[WhiteElo "1940"]
[BlackElo "2030"]
[PlyCount "58"]
[EventDate "1989.07.01"]

1. e4 e5 2. Nf3 Nc6 3. Nc3 Nf6 4. Bb5 d6 5. d4 exd4 6. Nxd4 Bd7 7. Nxc6 Bxc6 8.
Bxc6+ bxc6 9. O-O Be7 10. f4 O-O 11. Qf3 Nd7 12. Rb1 Rb8 13. Ne2 Qc8 14. Nd4
Qa6 15. a3 Bf6 16. Nf5 Rfe8 17. Qg4 Rxe4 18. Bd2 Ne5 19. Qg3 Ng6 20. Nxg7 Bd4+
21. Kh1 Bxg7 22. f5 Be5 23. Qf3 Qc4 24. fxg6 hxg6 25. b3 Qe2 26. Qxf7+ Kh8 27.
Bg5 Qh5 28. Bf6+ Bxf6 29. Qxf6+ Kg8 1/2-1/2

[Event "Festival Magistrale"]
[Site "Caorle ITA"]
[Date "1989.07.??"]
[Round "2"]
[White "Maksimovic, Branimir"]
[Black "Vujovic, Milorad"]
[Result "1-0"]
[WhiteElo "2350"]
[BlackElo "2295"]
[PlyCount "93"]
[EventDate "1989.07.01"]

1. d4 Nf6 2. c4 e6 3. Nf3 Bb4+ 4. Nbd2 a5 5. Qc2 Qe7 6. e4 d6 7. Be2 e5 8. d5
Na6 9. O-O Nc5 10. a3 Bxd2 11. Nxd2 a4 12. Re1 Bd7 13. Bd1 O-O 14. Qc3 c6 15.
Bc2 Rac8 16. Qf3 b5 17. cxb5 cxb5 18. Nf1 Na6 19. Qd1 Rc7 20. Bd2 Rfc8 21. Rc1
Nc5 22. Ng3 h6 23. Bc3 Bg4 24. f3 Bd7 25. f4 Ng4 26. Nf5 Bxf5 27. exf5 Qh4 28.
h3 Qf2+ 29. Kh1 Ne3 30. Rxe3 Qxe3 31. fxe5 Ne4 32. Bxe4 Qxe4 33. exd6 Rd7 34.
Bb4 Rxc1 35. Qxc1 Qxf5 36. Qc6 Rd8 37. Qxb5 Rc8 38. Bc3 Kh7 39. Qxa4 Qxd5 40.
Qg4 Rg8 41. Qd4 Qxd4 42. Bxd4 Rd8 43. Bc5 Kg6 44. a4 Kf5 45. a5 Ke6 46. a6 Kd5
47. Bb6 1-0

[Event "Festival Magistrale"]
[Site "Caorle ITA"]
[Date "1989.07.??"]
[Round "2"]
[White "Maksimovic, Suzana"]
[Black "Capece, Adolivio"]
[Result "1-0"]
[WhiteElo "2230"]
[BlackElo "2205"]
[PlyCount "76"]
[EventDate "1989.07.01"]

1. d4 Nf6 2. c4 c5 3. d5 b5 4. Nf3 Bb7 5. a4 b4 6. Nbd2 d6 7. e4 Nbd7 8. h3 g6
9. Bd3 Bg7 10. Nf1 O-O 11. Ng3 a5 12. O-O Ba6 13. Bf4 Ne8 14. Rb1 Nb6 15. b3 e5
16. dxe6 fxe6 17. Bg5 Qd7 18. Qc2 Nc7 19. e5 d5 20. Rbd1 Rac8 21. Rfe1 Bb7 22.
cxd5 Bxd5 23. Ne4 Bxe4 24. Rxe4 Ncd5 25. Rh4 Nc3 26. Re1 c4 27. Bxg6 hxg6 28.
Qxg6 Rxf3 29. gxf3 Ncd5 30. Qh7+ Kf8 31. Ree4 Bxe5 32. Qg6 Qf7 33. Qh6+ Bg7 34.
Qh7 cxb3 35. Ref4 Nxf4 36. Rxf4 Rc1+ 37. Kg2 Qxf4 38. Bxf4 b2 1-0

[Event "Festival Magistrale"]
[Site "Caorle ITA"]
[Date "1989.07.??"]
[Round "2"]
[White "Osmanbegovic, Suad"]
[Black "Buzzi, Dario"]
[Result "1-0"]
[WhiteElo "2240"]
[BlackElo "1985"]
[PlyCount "91"]
[EventDate "1989.07.01"]

1. d4 Nf6 2. c4 g6 3. Nc3 Bg7 4. e4 d6 5. f4 O-O 6. Nf3 c5 7. d5 e6 8. Be2 exd5
9. cxd5 Re8 10. e5 dxe5 11. fxe5 Ng4 12. Bg5 f6 13. exf6 Nxf6 14. Qd2 Bg4 15.
O-O Nbd7 16. Rad1 a6 17. h3 Bxf3 18. Bxf3 Qa5 19. d6 Rab8 20. Nd5 Qxd2 21. Rxd2
Ne4 22. Ne7+ Rxe7 23. dxe7 Nxd2 24. Bd5+ Kh8 25. Bxd2 Re8 26. Bg5 Ne5 27. Bxb7
h6 28. Bf6 Bxf6 29. Rxf6 Rxe7 30. Bxa6 Kg7 31. Rb6 Ra7 32. a4 Kf8 33. Kf2 Rc7
34. Re6 Re7 35. Rxe7 Kxe7 36. Ke3 Nc6 37. Ke4 Kd6 38. Bc4 Ne7 39. Bf7 g5 40. b3
Nc6 41. Bc4 Ne7 42. a5 Kc6 43. a6 Ng6 44. g3 Nf8 45. Kf5 Nd7 46. Kg6 1-0

[Event "Festival Magistrale"]
[Site "Caorle ITA"]
[Date "1989.07.??"]
[Round "2"]
[White "Pagnutti, Lorenzo"]
[Black "Magrin, Antonio"]
[Result "0-1"]
[WhiteElo "2115"]
[BlackElo "2200"]
[PlyCount "60"]
[EventDate "1989.07.01"]

1. e4 g6 2. d4 Bg7 3. Nf3 d6 4. Bc4 Nf6 5. Nc3 O-O 6. Be3 Bg4 7. h3 Bxf3 8.
Qxf3 Nc6 9. O-O-O e5 10. d5 Nd4 11. Bxd4 exd4 12. Rxd4 Nd7 13. Rdd1 Ne5 14. Qe2
Qg5+ 15. Kb1 Qxg2 16. Rdg1 Qf3 17. Nd1 a6 18. Bd3 Rae8 19. Ne3 Qf6 20. Nd1 b5
21. h4 h5 22. Rg3 Bh6 23. Qxh5 Qf4 24. a3 Qxg3 25. Qxh6 Qg2 26. Rf1 Nxd3 27.
Ne3 Qxe4 28. h5 Qf4 29. Ng4 Qxh6 30. Nxh6+ Kh7 0-1

[Event "Festival Magistrale"]
[Site "Caorle ITA"]
[Date "1989.07.??"]
[Round "2"]
[White "Pastres, Roberto"]
[Black "Loncar, Robert"]
[Result "0-1"]
[WhiteElo "2025"]
[BlackElo "2350"]
[PlyCount "92"]
[EventDate "1989.07.01"]

1. e4 e5 2. f4 Bc5 3. Nf3 d6 4. Nc3 Nc6 5. Bb5 Nf6 6. d3 O-O 7. Bxc6 bxc6 8.
Na4 Bb4+ 9. c3 Ba5 10. O-O exf4 11. Bxf4 h6 12. Nd4 Bd7 13. b4 Bb6 14. Nxb6
axb6 15. Qf3 c5 16. bxc5 bxc5 17. Nc2 Nh7 18. Bd2 Be6 19. c4 Qd7 20. Qg3 Kh8
21. Bc3 f6 22. Ne3 Ra3 23. Qe1 Rfa8 24. Qd2 Ng5 25. Qb2 Nf7 26. Bxf6 gxf6 27.
Qxf6+ Kh7 28. Nf5 Rg8 29. Rf3 Rg6 30. Qb2 Ra8 31. Raf1 Rag8 32. Nh4 Ne5 33.
Nxg6 Nxf3+ 34. Rxf3 Rxg6 35. g3 Qg7 36. Qxg7+ Rxg7 37. Rf2 Bh3 38. Rb2 Rf7 39.
Rf2 Rxf2 40. Kxf2 Kg6 41. Ke3 Bd7 42. d4 cxd4+ 43. Kxd4 Bc6 44. h3 Bd7 45. h4
h5 46. Kd5 46... Be6+ {...} 0-1

[Event "Festival Magistrale"]
[Site "Caorle ITA"]
[Date "1989.07.??"]
[Round "2"]
[White "Raicevic, Ivica"]
[Black "Pasqualin, Giorgio"]
[Result "1-0"]
[WhiteElo "2325"]
[BlackElo "2065"]
[PlyCount "71"]
[EventDate "1989.07.01"]

1. c4 e5 2. Nc3 Nf6 3. g3 Bb4 4. Bg2 O-O 5. e4 Nc6 6. Nge2 d6 7. d3 Bc5 8. O-O
Nd4 9. h3 Nxe2+ 10. Qxe2 c6 11. Kh2 Ne8 12. f4 Nc7 13. f5 f6 14. h4 b5 15. g4
b4 16. Nd1 Rb8 17. g5 d5 18. gxf6 gxf6 19. Bh6 Rf7 20. Ne3 d4 21. Ng4 Bf8 22.
Bf3 Kh8 23. Rg1 Bd7 24. Qd2 c5 25. Rg3 Qe7 26. Rag1 Bg7 27. Qg2 Ne8 28. Nf2 Ba4
29. Bh5 Rb7 30. Bxf7 Qxf7 31. Bxg7+ Nxg7 32. Ng4 Qh5 33. Kh3 Qf7 34. Qd2 Nh5
35. Nh6 Nf4+ 36. Qxf4 1-0

[Event "Festival Magistrale"]
[Site "Caorle ITA"]
[Date "1989.07.??"]
[Round "2"]
[White "Riemersma, Liafbern"]
[Black "Kosic, Dragan"]
[Result "1/2-1/2"]
[WhiteElo "2360"]
[BlackElo "2445"]
[PlyCount "25"]
[EventDate "1989.07.01"]

1. e4 c5 2. Nf3 e6 3. d4 cxd4 4. Nxd4 a6 5. Bd3 Nf6 6. O-O d6 7. Kh1 Nc6 8.
Nxc6 bxc6 9. c4 e5 10. f4 exf4 11. Bxf4 Be7 12. e5 dxe5 13. Bxe5 1/2-1/2

[Event "Festival Magistrale"]
[Site "Caorle ITA"]
[Date "1989.07.??"]
[Round "2"]
[White "Romagnoli, Franco"]
[Black "Dilic, Roberto"]
[Result "1-0"]
[WhiteElo "1925"]
[BlackElo "1900"]
[PlyCount "45"]
[EventDate "1989.07.01"]

1. e4 c5 2. b4 cxb4 3. a3 d5 4. exd5 Qxd5 5. Bb2 Nf6 6. Nf3 Bg4 7. Be2 e6 8.
O-O Nc6 9. axb4 Bxb4 10. Na3 Bxf3 11. Bxf3 Qxd2 12. Qb1 O-O 13. Rd1 Qh6 14.
Bxf6 Bxa3 15. Bxg7 Qxg7 16. Rxa3 Rab8 17. Be4 Nd4 18. Bxh7+ Kh8 19. Kf1 Rfd8
20. Rh3 Qe5 21. Re1 Qc5 22. Qc1 f6 23. Bg6+ 1-0

[Event "Festival Magistrale"]
[Site "Caorle ITA"]
[Date "1989.07.??"]
[Round "2"]
[White "Rorato, Renzo"]
[Black "Messina, Enrico"]
[Result "0-1"]
[WhiteElo "2065"]
[BlackElo "1900"]
[PlyCount "63"]
[EventDate "1989.07.01"]

1. e4 c5 2. c3 d6 3. d4 Nf6 4. dxc5 Nc6 5. cxd6 Nxe4 6. dxe7 Qxd1+ 7. Kxd1
Nxf2+ 8. Ke2 Nxh1 9. exf8=Q+ Kxf8 10. g3 h5 11. Bg2 h4 12. g4 Bxg4+ 13. Kf1 Rd8
14. Nd2 Ng3+ 15. hxg3 h3 16. Bh1 Ne5 17. b3 h2 18. Ne2 Bh3+ 19. Kf2 Nd3+ 20.
Ke3 Nxc1 21. Rxc1 Rh6 22. Nd4 Re8+ 23. Kf2 Rf6+ 24. N2f3 g5 25. g4 Bxg4 26. Kg3
Bxf3 27. Bxf3 Re3 28. Kg2 b6 29. a4 Rf4 30. Bc6 Rh4 31. Nf5 Rxc3 32. Rd1 0-1